000 00288nam a2200121Ia 4500
003 OSt
005 20230706112112.0
008 170524s9999 xx 000 0 und d
040 _cIIMT UNIVERSITY
100 _aGANDHI- MEETA
245 0 _aTHA C ODYSSEY: UNIX C++ & GRAPHICS
942 _2ddc
_c02
999 _c3619
_d3619